000 00776nam a22002177a 4500
005 20100819113936.0
010 _aENG-101331
020 _c250.00
035 _aEN-84864
037 _bDBAD/PUB
082 _a954.01
100 _aNagaland Legislative Assembly (10th: Kohima: 18th-27th march, 2008)
_917200
245 _aOffical report proceeding of the tenth nagaland legislative assembly /
260 _aKohima
_bNagaland Legislative Assembly
_c2008
270 _aNagaland Legislative Assembly
_bKohima
300 _avi, 256 p.
_b24cm (Pbk)
700 _915115
700 _915135
942 _2ddc
_cEN
_h954.01
_mOFF
999 _c42959
_d42959